00629cam a22001692 4500001001100000005001700011008004100028020002800069040001500097050002300112245008200135260003500217300002100252650008400273650007000357700003200427000000273620151217154335.0070419s xx 000 0 eng d a0852555075 :cKES 1,370 aKABUcKABU 0aPR8340.5b.I5 199010aIn their own voices :bAfrican women writers talk /cedited by Adetola James. aLondon :bJames Currey,c1990. a154 p. ;c22 cm. 0aAfrican literature (English)xWomen authorsxHistory and criticism.@0000152236 0aWomen and literaturezAfrica.xHistoryy20th century.@00001522371 aJames, Adetola.@0000152238